History Quiz

Random History or War Quiz

Naval Battles by Opposing Commanders (Clickable) Quiz Stats

 Plays Quiz not verified by Sporcle

Challenge
Share
Tweet
Embed
Score 0/20 Timer 05:00
0 Plays Today
% Correct
Battle of Midway (1942)
82.1%
Battle of Trafalgar (1805)
80.4%
Battle of Salamis (480 B.C.)
77.8%
Battle of Actium (31 B.C.)
77.1%
Battle of Tsushima (1905)
69.7%
Battle of Jutland (1916)
63.6%
Battle of Cape Ecnomus (256 B.C.)
61.1%
Battle of Tonkin River (1849)
57%
Battle of Vyborg Bay (1790)
53%
Battle of Lepanto (1571)
52.5%
% Correct
Battle of Niså (1062)
48.3%
Battle of Hampton Roads (1862)
47.3%
Battle of Lowestoft (1665)
44.6%
Battle of Lake Poyang (1363)
39.9%
Battle of Minorca (1756)
35.8%
Battle of Dyrrhachium (1081)
34.6%
Battle of Red Cliffs (208)
32.7%
Battle of the Masts (655)
26%
Battle of Yamen (1279)
24.8%
Battle of La Rochelle (1372)
23%

You're not logged in!

Compare scores with friends on all Sporcle quizzes.
OR
Log In

You Might Also Like...

Show Comments

Extras

Top Quizzes Today


Score Distribution

Your Account Isn't Verified!

In order to create a playlist on Sporcle, you need to verify the email address you used during registration. Go to your Sporcle Settings to finish the process.

Report this User

Report this user for behavior that violates our Community Guidelines.

Details: